The International Business Environment Text & Cases (Record no. 2420)

MARC details
000 -LEADER
fixed length control field 00468nam a22001697a 4500
005 - DATE AND TIME OF LATEST TRANSACTION
control field 20180327113936.0
008 - FIXED-LENGTH DATA ELEMENTS--GENERAL INFORMATION
fixed length control field 160611b xxu||||| |||| 00| 0 eng d
020 ## - INTERNATIONAL STANDARD BOOK NUMBER
ISBN 978-81-203-1141-1
041 ## - LANGUAGE CODE
Language code of text/sound track or separate title eng
082 ## - DEWEY DECIMAL CLASSIFICATION NUMBER
Item number 6955
Classification number 338.88
100 ## - MAIN ENTRY--AUTHOR NAME
Personal name Sundaram, Anant K. Black, J. Stewact.
245 ## - TITLE STATEMENT
Title The International Business Environment Text & Cases
260 ## - PUBLICATION, DISTRIBUTION, ETC. (IMPRINT)
Place of publication New Delhi
Name of publisher PHI Learning Pvt. Ltd.
300 ## - PHYSICAL DESCRIPTION
Number of Pages 339
650 ## - SUBJECT ADDED ENTRY--TOPICAL TERM
Topical Term Management
942 ## - ADDED ENTRY ELEMENTS (KOHA)
Koha item type Books
Holdings
Lost status Damaged status Home library Current library Shelving location Date acquired Cost, normal purchase price Full call number Accession Number Koha item type Collection code
    JRU Library   SHELF-61-C 11/06/2016 295.00 338.88 6955 Books  
    JRU Library   SHELF-30-D 11/06/2016 295.00 338.88 6956 Books Reference